Normal view
MARC view
Entry Topical Term
001 - CONTROL NUMBER
- control field: 35612
003 - CONTROL NUMBER IDENTIFIER
- control field: ARRUPE
005 - DATE AND TIME OF LATEST TRANSACTION
- control field: 20170905092149.0
008 - FIXED-LENGTH DATA ELEMENTS
- fixed length control field: 170905|| aca||aabn | a|a d
040 ## - CATALOGING SOURCE
- Original cataloging agency: ARRUPE
- Transcribing agency: ARRUPE
150 ## - HEADING--TOPICAL TERM
- Topical term or geographic name as entry element: Peace
- General subdivision: Religious aspects
- General subdivision: Christianity.
670 ## - SOURCE DATA FOUND
- Source citation: Work cat.: (ARRUPE)0: Childs, James M., 1939- 7580, The way of peace :, c2008.